[Event "GER KF-31 Class1 email"]
[Site "GER email"]
[Date "2007.11.07"]
[Round "?"]
[White "Ahrens, Olaf"]
[Black "Joerg, Simons"]
[Result "0-1"]
[WhiteElo "1640"]
[BlackElo "2011"]
[PlyCount "56"]
[EventDate "2007.??.??"]
[EventType "tourn (corr)"]
[EventRounds "6"]
[EventCountry "GER"]
[SourceTitle "Corr 2008"]
[Source "ChessBase"]
[SourceDate "2008.06.24"]
[SourceVersion "1"]
[SourceVersionDate "2008.06.24"]
[SourceQuality "1"]

1. e4 e5 2. Nc3 Nf6 3. f4 d5 4. fxe5 Nxe4 5. d3 Nxc3 6. bxc3 d4 7. Nf3 dxc3 8. d4 Qd5 9. Be2 c5 10. Be3 Nc6 11. dxc5 Be6 12. a3 0-0-0 13. Qd3 Bxc5 14. Qxc3 Bxe3 15. Qxe3 Qa5+ 16. Kf2 Rd5 17. Rhd1 Nxe5 18. Rxd5 Ng4+ 19. Kg3 Qxd5 20. Qc3+ Kb8 21. Rd1 Nf6 22. Qd4 Qa5 23. Qd6+ Ka8 24. Rd4 Bd5 25. Bd3 Re8 26. c4 Bxf3 27. Kxf3 a6 28. Qb4 Qe5 0-1

[Event "GER KF-31 Class1 email"]
[Site "GER email"]
[Date "2007.11.07"]
[Round "?"]
[White "Joerg, Simons"]
[Black "Peters, Andreas"]
[Result "1/2-1/2"]
[WhiteElo "2011"]
[BlackElo "2034"]
[PlyCount "67"]
[EventDate "2007.??.??"]
[EventType "tourn (corr)"]
[EventRounds "6"]
[EventCountry "GER"]
[SourceTitle "Corr 2008"]
[Source "ChessBase"]
[SourceDate "2008.06.24"]
[SourceVersion "1"]
[SourceVersionDate "2008.06.24"]
[SourceQuality "1"]

1. d4 Nf6 2. c4 g6 3. Nc3 d5 4. cxd5 Nxd5 5. e4 Nxc3 6. bxc3 c5 7. Bc4 Bg7 8. Ne2 cxd4 9. cxd4 Nc6 10. Be3 0-0 11. 0-0 Bg4 12. f3 Na5 13. Bd3 Be6 14. d5 Bxa1 15. Qxa1 f6 16. Bh6 Re8 17. Kh1 Rc8 18. Nf4 Bd7 19. e5 Nc4 20. e6 Ba4 21. Nxg6 hxg6 22. Bxg6 Ne5 23. Be4 Bc2 24. Bxc2 Rxc2 25. Qd1 Kh7 26. f4 Kxh6 27. fxe5 Rc4 28. Qd3 b5 29. exf6 exf6 30. d6 Rxe6 31. Qh3+ Kg7 32. Qxe6 Rd4 33. d7 a5 34. h3 1/2-1/2